000 01223nam a2200313 i 4500
001 000013757
003 DO-SdBNP
005 20250130135935.0
007 ta
008 091130s1987 dr ad 000 0 spa d
040 _aDO-SdBNP
_bspa
_cBNPHU
_erda
049 _aBNPD
082 4 _axxxx
_bR426s
_222
110 1 _aRepública Dominicana.
_bSecretaría de Estado de Educación, Bellas Artes y Cultos
_923965
245 1 0 _aRecursos audiovisuales /
_cPatria Nilda Bautista, Patria Nilda Bautista, Josefina Billini, José Alfonso Cabral, Verena Genao, Rafaela Pérez, Anamia de León ; coordinadora, Anamia de León.
264 1 _aSanto Domingo :
_b Dirección General de Medios Educativos,
_c1987.
300 _a228 páginas :
_bilustraciones, gráficos ;
_c25 cm.
336 _atexto
_btxt
_2rdacontent
337 _asin mediación
_bn
_2rdamedia
338 _avolumen
_bnc
_2rdacarrier
504 _aBibliografía : páginas 226 -228
700 1 _aBautista, Patria Nilda
_931223
700 1 _aBillini, Josefina
_931224
700 1 _aCabral, José Alfonso
_931225
700 1 _aGenao, Verena
_931226
700 1 _aPérez, Rafaela
_931227
700 1 _aLeón, Anamia de,
_ecoordinadora
_4coord.
_931228
942 _2ddc
_cLBS1
999 _c13370
_d13370